|
|
|
|
| LEADER |
01729nam a2200493 i 4500 |
| 001 |
nkc20182999392 |
| 003 |
CZ PrNK |
| 005 |
20180814131343.0 |
| 007 |
ta |
| 008 |
180530s2018 xr ab f f 000 0 cze |
| 015 |
|
|
|a cnb002999392
|
| 020 |
|
|
|a 978-80-88184-21-8
|q (brožováno)
|
| 035 |
|
|
|a (OCoLC)1048454958
|
| 040 |
|
|
|a OLA001
|b cze
|e rda
|
| 041 |
0 |
|
|a cze
|b cze
|b eng
|
| 072 |
|
7 |
|a 630
|x Lesnictví
|2 Konspekt
|9 24
|
| 080 |
|
|
|a 630.228
|2 MRF
|
| 080 |
|
|
|a 502.175:574.4/.5
|2 MRF
|
| 080 |
|
|
|a 528.8
|2 MRF
|
| 080 |
|
|
|a (083.744)
|2 MRF
|
| 100 |
1 |
|
|a Lukeš, Petr,
|d 1982-
|7 ola20181000859
|4 aut
|
| 245 |
1 |
0 |
|a Hodnocení zdravotního stavu lesních porostů v České republice pomocí satelitních dat Sentinel-2 /
|c Petr Lukeš a kol.
|
| 250 |
|
|
|a 1. vydání
|
| 264 |
|
1 |
|a Brandýs nad Labem :
|b Ústav pro hospodářskou úpravu lesů,
|c 2018
|
| 300 |
|
|
|a 65 stran :
|b ilustrace (některé barevné), mapy ;
|c 30 cm
|
| 336 |
|
|
|a text
|b txt
|2 rdacontent
|
| 337 |
|
|
|a bez média
|b n
|2 rdamedia
|
| 338 |
|
|
|a svazek
|b nc
|2 rdacarrier
|
| 500 |
|
|
|a Název z obálky
|
| 504 |
|
|
|a Obsahuje bibliografii
|
| 546 |
|
|
|a České a anglické resumé
|
| 650 |
0 |
7 |
|a lesní porosty
|7 ph115116
|2 czenas
|
| 650 |
0 |
7 |
|a biomonitoring
|7 ph180746
|2 czenas
|
| 650 |
0 |
7 |
|a dálkový průzkum Země
|7 ph119671
|2 czenas
|
| 650 |
0 |
9 |
|a forest stands
|2 eczenas
|
| 650 |
0 |
9 |
|a biomonitoring
|2 eczenas
|
| 650 |
0 |
9 |
|a remote sensing
|2 eczenas
|
| 655 |
|
7 |
|a certifikované metodiky
|7 fd806827
|2 czenas
|
| 655 |
|
9 |
|a certified methodology
|2 eczenas
|
| 910 |
2 |
|
|a BOA001
|b 4-1410.984
|
| 990 |
|
|
|a BK
|
| 995 |
|
|
|a 01
|
| 991 |
|
|
|b 201808
|c NOV
|
| 996 |
6 |
|
|b 2610749976
|c 4-1410.984
|l MZK
|r Sklad / do 1 hodiny
|n 0
|p p.v.
|w 001675712
|u 000010
|a 1
|e BOA001
|j MZK50
|s P
|